000
00212nam a2200097Ia 4500
008
240331s9999 xx 000 0 und d
082
_a
294
_b
RAJ
100
_a
Rajagopalachari, C
245
0
_a
Mahabharatham
942
_c
L
999
_c
900
_d
900